<?xml version="1.0" encoding="UTF-8"?><?xml-stylesheet type="text/xsl" href="static/style.xsl"?><OAI-PMH xmlns="http://www.openarchives.org/OAI/2.0/" xmlns:xsi="http://www.w3.org/2001/XMLSchema-instance" xsi:schemaLocation="http://www.openarchives.org/OAI/2.0/ http://www.openarchives.org/OAI/2.0/OAI-PMH.xsd"><responseDate>2026-04-27T18:36:13Z</responseDate><request verb="GetRecord" identifier="oai:riubu.ubu.es:10259/5714" metadataPrefix="marc">https://riubu.ubu.es/oai/request</request><GetRecord><record><header><identifier>oai:riubu.ubu.es:10259/5714</identifier><datestamp>2024-05-13T10:32:33Z</datestamp><setSpec>com_10259_4596</setSpec><setSpec>com_10259.4_2574</setSpec><setSpec>com_10259.4_106</setSpec><setSpec>com_10259_2604</setSpec><setSpec>col_10259_4597</setSpec></header><metadata><record xmlns="http://www.loc.gov/MARC21/slim" xmlns:doc="http://www.lyncode.com/xoai" xmlns:xsi="http://www.w3.org/2001/XMLSchema-instance" xmlns:dcterms="http://purl.org/dc/terms/" xsi:schemaLocation="http://www.loc.gov/MARC21/slim http://www.loc.gov/standards/marcxml/schema/MARC21slim.xsd">
<leader>00925njm 22002777a 4500</leader>
<datafield tag="042" ind1=" " ind2=" ">
<subfield code="a">dc</subfield>
</datafield>
<datafield tag="720" ind1=" " ind2=" ">
<subfield code="a">Ayup González, Jannett</subfield>
<subfield code="e">author</subfield>
</datafield>
<datafield tag="720" ind1=" " ind2=" ">
<subfield code="a">Calderón Monge, Esther</subfield>
<subfield code="e">author</subfield>
</datafield>
<datafield tag="260" ind1=" " ind2=" ">
<subfield code="c">2014-04</subfield>
</datafield>
<datafield tag="520" ind1=" " ind2=" ">
<subfield code="a">La valoración de marca en la franquicia es aún insuficiente. Estos negocios estimulan el desarrollo económico de los países emergentes como México. El propósito de este trabajo es analizar las señales de valor de las marcas de franquicias que impulsaron el crecimiento de establecimientos de 2002 a 2008. Se empleó la metodología de datos de panel con 911 firmas operativas en el sistema franquiciador mexicano. Los resultados reflejan un efecto de endogeneidad y crecimiento negativo del sector. La decisión de franquiciar tuvo en cuenta la situación económica y el tamaño entre otros aspectos que confirman los argumentos teóricos</subfield>
</datafield>
<datafield tag="520" ind1=" " ind2=" ">
<subfield code="a">Despite the considerable research franchise, incorporating elements of brand valuation is still insufficient. The franchise businesses stimulate economic development in emerging countries like Mexico. This paper attempts to analyze the signal value of the Mexican franchise brands in the growth of those who have been operating in Mexico during 2002-2008. Methodology was used panel data with 911 firms operating in the Mexican franchisor system. The results reflect an effect of endogeneity and negative growth in the sector. The franchise decision took into account the economic situation and size among other factors that confirm the theoretical arguments.</subfield>
</datafield>
<datafield tag="520" ind1=" " ind2=" ">
<subfield code="a">A valoração de marca na franquia é ainda insuficiente. Estes negócios estimulam o desenvolvimento econômico dos países emergentes como o México. O propósito deste trabalho é analisar os sinais de valor das marcas de franquias que impulsaram o crescimento de estabelecimentos de 2002 até 2008. Metodologia foi utilizada dados em painel com 911 empresas que operam no sistema franqueador mexicana. Os resultados refletem um efeito de endogeneidade e crescimento negativo no setor. A decisão franquia levou em conta a situação económica e tamanho, entre outras coisas que confirmam os argumentos teóricos.</subfield>
</datafield>
<datafield tag="024" ind2=" " ind1="8">
<subfield code="a">0123-5923</subfield>
</datafield>
<datafield tag="024" ind2=" " ind1="8">
<subfield code="a">http://hdl.handle.net/10259/5714</subfield>
</datafield>
<datafield tag="024" ind2=" " ind1="8">
<subfield code="a">10.1016/j.estger.2013.12.003</subfield>
</datafield>
<datafield ind1=" " ind2=" " tag="653">
<subfield code="a">Franquicia</subfield>
</datafield>
<datafield ind1=" " ind2=" " tag="653">
<subfield code="a">Teoría de las señales</subfield>
</datafield>
<datafield ind1=" " ind2=" " tag="653">
<subfield code="a">Crecimiento</subfield>
</datafield>
<datafield ind1=" " ind2=" " tag="653">
<subfield code="a">Metodología datos de panel</subfield>
</datafield>
<datafield ind1=" " ind2=" " tag="653">
<subfield code="a">Franchise</subfield>
</datafield>
<datafield ind1=" " ind2=" " tag="653">
<subfield code="a">Theory of signals</subfield>
</datafield>
<datafield ind1=" " ind2=" " tag="653">
<subfield code="a">Growth</subfield>
</datafield>
<datafield ind1=" " ind2=" " tag="653">
<subfield code="a">Data panel methodology</subfield>
</datafield>
<datafield ind1=" " ind2=" " tag="653">
<subfield code="a">Franquia</subfield>
</datafield>
<datafield ind1=" " ind2=" " tag="653">
<subfield code="a">Sinais</subfield>
</datafield>
<datafield ind1=" " ind2=" " tag="653">
<subfield code="a">Crescimento</subfield>
</datafield>
<datafield ind1=" " ind2=" " tag="653">
<subfield code="a">Dados de painel</subfield>
</datafield>
<datafield tag="245" ind1="0" ind2="0">
<subfield code="a">Señales de valor de marca de las franquicias en México. Su efecto en el crecimiento del sistema franquiciador</subfield>
</datafield>
</record></metadata></record></GetRecord></OAI-PMH>